Recht und Praxis der internationalen Schiedsgerichtsbarkeit in Staaten Zentral- und Ost-Europas /

Saved in:
Bibliographic Details
Corporate Authors: Deutsche Stiftung für Internationale Rechtliche Zusammenarbeit., Deutsche Institution für Schiedsgerichtsbarkeit.
Other Authors: Böckstiegel, Karl-Heinz.
Format: Book
Language:German
Published: Köln : C. Heymann, c1998.
Series:Schriftenreihe der Deutschen Institution für Schiedsgerichtsbarkeit ; Bd. 13.
Subjects:
Tags: Add Tag
No Tags, Be the first to tag this record!
LEADER 01647nam a2200337 a 4500
001 007760251-X
005 20020606104010.5
008 921214s1998 gw b 100 0 ger d
020 |a 3452237761 
035 0 |a ocm38894925 
040 |a MH-L  |c MH-L 
041 0 |a gereng 
043 |a ee-----  |a ec----- 
050 4 |a KJC4169  |b .A8 1996x 
245 0 0 |a Recht und Praxis der internationalen Schiedsgerichtsbarkeit in Staaten Zentral- und Ost-Europas /  |c herausgegeben von Karl-Heinz Böckstiegel ; mit Beiträgen von Karl-Heinz Böckstiegel ... [et al.] und mit wichtigen Texten. 
246 1 8 |a Schiedsgerichtsbarkeit in Zentral- und Ost-Europa 
260 |a Köln :  |b C. Heymann,  |c c1998. 
300 |a viii, 585 p. ;  |c 24 cm. 
490 1 |a Schriftenreihe der Deutschen Institution für Schiedsgerichtsbarkeit ;  |v Bd. 13 
546 |a German and English. 
500 |a Based on papers presented at an international symposium, held by the Deutsche Stiftung für Internationale Rechtliche Zusammenarbeit and the Deutsche Institution für Schiedsgerichtsbarkeit, June 10-12, 1996, in Bremen. 
504 |a Includes bibliographical references. 
650 0 |a Arbitration and award  |z Europe, Eastern  |v Congresses. 
650 0 |a Arbitration and award  |z Europe, Central  |v Congresses. 
650 0 |a International commercial arbitration  |v Congresses. 
700 1 |a Böckstiegel, Karl-Heinz. 
710 2 |a Deutsche Stiftung für Internationale Rechtliche Zusammenarbeit. 
710 2 |a Deutsche Institution für Schiedsgerichtsbarkeit. 
830 0 |a Schriftenreihe der Deutschen Institution für Schiedsgerichtsbarkeit ;  |v Bd. 13. 
988 |a 20020608 
906 |0 MH